ბათუმის შოთა რუსთაველის სახელმწიფო უნივერსიტეტის ბიბლიოთეკა

სახელების ეთნოლოგია და ისტორია : მსოფლიოს ხალხთა ანთროპონიმიული სისტემები : (ბიბ.ჩანაწერი № 34777)

000 -ლიდერი
ფიქსირებული სიგრძის საკონტროლო ველი 01971nam a2200241Ia 4500
001 - საკონტროლო ნომერი
საკონტროლო ველი 587
003 - საკონტროლო ნომრის იდენტიფიკატორი
საკონტროლო ველი GE_BSU
005 - ბოლო ოპერაციის თარიღი და დრო
საკონტროლო ველი 20230616153817.0
008 - ფიქსირებული სიგრძის მონაცემთა ელემენტები - ზოგადი ინფორმაცია
ფიქსირებული სიგრძის საკონტროლო ველი 181216s2010||||ge |||||||||||||| ||geo||
020 ## - წიგნის საერთაშორისო სტანდარტული ნომერი
International Standard Book Number 9789941170089
040 ## - კატალოგიზაციის წყარო
Transcribing agency GE_BSU
041 ## - ენის კოდი
Language code of text/sound track or separate title geo
080 ## - უნივერსალური ათობითი კლასიფიკაციის ინდექსი
Universal Decimal Classification number 81'372.232.1+811.353.1'373.232.3+39(=353.1) თ–77
100 ## - მთავარი ჩანაწერი - პიროვნების სახელი
Personal name თოფჩიშვილი, როლანდ.
9 (RLIN) 4620
245 ## - ცნობა სათაურის შესახებ
Title სახელების ეთნოლოგია და ისტორია : მსოფლიოს ხალხთა ანთროპონიმიული სისტემები :
Remainder of title სახელმძღვანელო ჰუმანიტარულ მეცნიერებათა შემსწავლელი სტუდენტებისათვის /
Statement of responsibility, etc როლანდ თოფჩიშვილი; ივანე ჯავახიშვილის სახელობის თბილისის სახელმწიფო უნივერსიტეტი; ივანე ჯავახიშვილის ისტორიისა და ეთნოლოგიის ინსტიტუტი.
264 ## - წარმოების, გამოცემის, დისტრიბუციის და სხვა ცნობები
გამოცემის, წარმოების, დისტრიბუციის... ადგილი თბილისი :
გამოცემის, წარმოების, დისტრიბუციის... სახელწოდება უნივერსალი,
გამოცემის, წარმოების, დისტრიბუციის... თარიღი 2010.
300 ## - ფიზიკური აღწერა
Extent 320 გვ.
653 ## - INDEX TERM--UNCONTROLLED
Uncontrolled term ქართული გვარ-სახელები
653 ## - INDEX TERM--UNCONTROLLED
Uncontrolled term მსოფლიოს ხალხთა გვარ-სახელები
710 ## - ADDED ENTRY--CORPORATE NAME
Corporate name or jurisdiction name as entry element ივანე ჯავახიშვილის სახელობის თბილისის სახელმწიფო უნივერსიტეტი
Subordinate unit ივანე ჯავახიშვილის ისტორიისა და ეთნოლოგიის ინსტიტუტი
9 (RLIN) 13702
856 ## - ELECTRONIC LOCATION AND ACCESS
Uniform Resource Identifier https://dspace.nplg.gov.ge/bitstream/1234/267153/1/SaxelebiEtnologiaDaIstoria.pdf
Link text ელ. ვერსია. pdf
942 ## - ADDED ENTRY ELEMENTS (KOHA)
Koha item type წიგნი
Source of classification or shelving scheme
ეგზემპლარები
ჩამოწერის სტატუსი დაკარგული ეგზემპლარის სტატუსი კლასიფიკაციის წყარო ან თაროზე გაწყობის სქემა დაზიანების სტატუსი არ გაიცემა მუდმივი მდებარეობა (დაცვის ადგილი) ამჟამინდელი ადგილსამყოფელი თაროზე განთავსების ადგილი შეძენის თარიღი ღირებულება, შესყიდვის ნორმალური ფასი სრული შენახვის შიფრი შტრიხკოდი ბოლო ოპერაციის თარიღი ეგზემპლარის მიმდევრობითი ნომერი (კეტერი?) ფასის ძალაში შესვლის თარიღი ეგზემპლარის სახეობა საჯარო შენიშვნა Uniform Resource Identifier
          ბათუმის შოთა რუსთაველის სახელმწიფო უნივერსიტეტის მთავარი ბიბლიოთეკა ბათუმის შოთა რუსთაველის სახელმწიფო უნივერსიტეტის მთავარი ბიბლიოთეკა წიგნსაცავი 2018-12-17 10.00 81'372.232.1+811.353.1'373.232.3+39(=353.1) თ–77 1232 2018-12-17 1232 2018-12-17 წიგნი 10 ლ.  
          ბათუმის შოთა რუსთაველის სახელმწიფო უნივერსიტეტის მთავარი ბიბლიოთეკა ბათუმის შოთა რუსთაველის სახელმწიფო უნივერსიტეტის მთავარი ბიბლიოთეკა წიგნსაცავი 2023-06-16 8.00 81'372.232.1+811.353.1'373.232.3+39(=353.1) თ–77 64685 2023-06-16 64685 2023-06-16 წიგნი 8 ლ. ბსუ-ს საპატიო დოქტორის გურამ ლორთქიფანიძის საჩუქარი